| 000 | 00849nam a2200253 i 4500 | ||
|---|---|---|---|
| 001 | 189207 | ||
| 003 | SpMaBN | ||
| 005 | 20251003063206.0 | ||
| 008 | 190425s2013 sp |||| | spa d | ||
| 020 | _a978-84-8383-457-2 | ||
| 080 | _a821.134.2(82)-31"19" | ||
| 100 | 1 |
_aGonzález, Betina, _d1972- _9165338 |
|
| 245 | 1 | 4 |
_aLas poseídas / _cBetina González. |
| 250 | _a1ª ed. | ||
| 260 |
_aBarcelona : _bTusquets, _c2013. |
||
| 300 |
_a176 p. ; _c21 cm. |
||
| 490 | 1 |
_aColección andanzas ; _v798 |
|
| 586 | _aVIII Premio Tusquets Editores de Novela, 2012 | ||
| 830 | 0 | 0 |
_aColección Andanzas _v798 _9234359 |
| 852 |
_aES-MaACL _jA-14495 _9196345 _bR.151755 _cDEPO1 _dOlim: N-7495 _hDonación: Pilar Fernández Vera |
||
| 903 |
_aFernández Vera, Pilar, _d1961- _ednr _949420 |
||
| 942 |
_2udc _cMONOGRAFIA |
||
| 999 |
_c189207 _d189207 |
||